000 00823nam a2200241 a 4500
001 10559
003 CO-ViMGA
008 141112s2004 ck r 000 u spa d
020 _a9586551962
040 _aCO-ViMGA
_bspa
_cCO-ViMGA
082 0 4 _a918.6211 U45e
100 1 _aPimienta Restrepo ; Luz Eugenia,
_914270
245 1 0 _aEl Retiro :
_bAntioquia
260 _aAntioquia :
_bCornare Iner,
_c1995
300 _a179p.
590 _aEjemplares : 2
650 1 4 _aADMINISTRACION PUBLICA - EL RETIRO ANTIOQUIA - COLOMBIA
_914271
650 1 4 _aEL RETIRO - ANTIOQUIA - COLOMBIA - DESCRIPCION
_914272
650 1 4 _aEL RETIRO - ANTIOQUIA - COLOMBIA - HISTORIA
_914273
650 1 4 _aEL RETIRO - ANTIOQUIA - CONDICIONES ECONOMICAS
_914274
650 1 4 _aEL RETIRO - ANTIOQUIA - CONDICIONES SOCIALES
_914275
942 _2ddc
_cBK
999 _c21874
_d21874